Petit lexique d' initiation a la linguistique appliquee et a la methodologie : enseignement des langues

Αποθηκεύτηκε σε:
Λεπτομέρειες βιβλιογραφικής εγγραφής
Κύριος συγγραφέας: Galisson, Robert
Μορφή: Βιβλίο
Γλώσσα:French
Δημοσίευση: Paris : Besancon : Bureau pour l' Enseignement de la Langue et de la Civilisation Francaises a l' Entranger, Faculte des Lettres et des Sciences Humaines de Besancon, [1969]
Θέματα:
Ετικέτες: Προσθήκη ετικέτας
Δεν υπάρχουν, Καταχωρήστε ετικέτα πρώτοι!

MARC

LEADER 00000nam a2200000 i 4500
001 1/10977
008 000907q1969 fre d
035 |l 10063658 
040 |a GR-MY-UA  |b gre  |e aacr 
041 0 |a fre 
082 0 |a 418 
100 1 |a Galisson, Robert. 
245 1 0 |a Petit lexique d' initiation a la linguistique appliquee et a la methodologie :  |b enseignement des langues /  |c par Robert Galisson 
260 |a Paris :   |a Besancon :   |b Bureau pour l' Enseignement de la Langue et de la Civilisation Francaises a l' Entranger,   |b Faculte des Lettres et des Sciences Humaines de Besancon,   |c [1969] 
300 |a 125 p.;  |c 30 cm 
650 0 0 |a Applied linguistics. 
852 |a INST  |b RHODES  |e 20000907  |h 418 GAL  |p 005400008471  |q 005400008471  |t BK  |y 0 
909 |a Ρ  |b 011923 
922 |a 4ΕΛΗ  |b 198809 
970 |z 2000/09/ΣΟΦΙΑ